000 00347nam a22001337a 4500
008 240926b |||||||| |||| 00| 0 eng d
022 _a02560909
041 _aEng
245 _aVikalpa The Journal Of Decision Makers
260 _aNew Dehli
_bSage Publication
_c2024
300 _a113p
856 _ujournals.sagepub.com/home/vik
942 _cSR
_s1
999 _c41539
_d41539